000 00886nam a2200217Ia 4500
001 17973
005 20260410150916.0
008 260306s9999||||xx |||||||||||||| ||und||
041 _aESP
082 _a658.3
_bR84
100 _aRoss, David
_eAUT
245 0 _aAdministración de personal y del desempeño
260 _c2013
300 _a232 páginas :
_c23 cm.
650 _aGEN
654 _aCAN
856 _uhttps://itmsp.museknowledge.com/UCSP?url=https://www.ebooks7-24.com:443/?il=7349&pg=1
_zVéase además: Evaluando el desempeño del personal. Versión digital
856 _uhttps://0u213vxo3-y-https-ebooks7--24-com.itmsp.museknowledge.com/biblioteca.aspx
_zVéase además: Base de datos Ebook7-24
856 _uhttps://0u20fvxo8-y-https-research-ebsco-com.itmsp.museknowledge.com/c/qxo6us/search
_zVéase además: Base de datos EBSCOhost
942 _cLIB
_dJUS
_fJUS
_2ddc
999 _c17973
_d17973